00530nam a22002057a 450000500170000000800410001702000150005804000090007304100080008208200200009010000220011024500330013226000400016530000240020536500140022965000140024365000250025765000180028270000240030020220715094819.0220715b ||||| |||| 00| 0 eng d a5010005115 cAloy aeng 223a330.9bDADO aVladislav Dadayan aOrbits of the global economy aMoscow:bProgress Publishers,c1988 a246p.bHBc22x14cm. 2Economics aEconomics aSocio Economic Poles aWorld Economy aDADAYAN (Vladislav)